Great Villas of Slovakia

Gespeichert in:
Bibliographische Detailangaben
Hauptverfasser: Dulla, Matúš, 1950- (Verfasst von), Bujna, Tomáš (Verfasst von), Droppová, Zoja (Verfasst von), Jamnický, I. (Verfasst von), Klimeková, Alexandra (Verfasst von), Kramáriková , Janka (Verfasst von), Krcho, Ján (Verfasst von), Krpelán, Igor (Verfasst von), Kubičková, Klára (Verfasst von), Labudová, Zuzana (Verfasst von), Mellner, Dušan (Verfasst von), Minaroviech, Jana, 1976- (Verfasst von), Molnár, Martin (Verfasst von), Moravčíková-Hammer, Henrieta (Verfasst von), Mrňa, Ľubomír (Verfasst von), Pohaničová, Jana, 1966- (Verfasst von), Priatková, Adriana (Verfasst von), Semančík, Maroš (Verfasst von), Šlapeta, Vladimír (Verfasst von)
Weitere Verfasser: Stacho, Ľubo (Fotografie)
Format: Buch
Sprache:Englisch
Veröffentlicht: FOIBOS BOOKS s.r.o., 2010
Tags: Tag hinzufügen
Keine Tags, Fügen Sie das erste Tag hinzu!

MARC

LEADER 00000nam a22000003a 4500
001 stu213634
005 20150617225936.2
008 101021s2010----xr------------------eng-d
020 |a 978-80-87073-22-3 
040 |a STU  |b slo 
041 0 |a eng 
044 |a xr 
100 1 |a Dulla, Matúš,  |d 1950-  |4 aut  |u A3130  |9 5  |U FAD Fakulta architektúry  |T FA Ústav dejín a teórie architektúry a obnovy pamiatok  |X 398  |U A3130  |Y 394  |7 A000000398 
245 1 |a Great Villas of Slovakia 
260 |b FOIBOS BOOKS s.r.o.,  |c 2010 
300 |a 282 
700 1 |a Bujna, Tomáš  |4 aut 
700 1 |a Droppová, Zoja  |4 aut 
700 1 |a Jamnický, I.  |4 aut 
700 1 |a Klimeková, Alexandra  |4 aut 
700 1 |a Kramáriková , Janka  |4 aut 
700 1 |a Krcho, Ján  |4 aut 
700 1 |a Krpelán, Igor  |4 aut 
700 1 |a Kubičková, Klára  |4 aut 
700 1 |a Labudová, Zuzana  |4 aut 
700 1 |a Mellner, Dušan  |4 aut  |X 5310  |7 5310 
700 1 |a Minaroviech, Jana,  |d 1976-  |4 aut  |u A3130  |9 5  |U FAD Fakulta architektúry  |T FA Ústav dejín a teórie architektúry a obnovy pamiatok  |X 4783  |U A3130  |Y 394  |7 A000004783 
700 1 |a Molnár, Martin  |4 aut 
700 1 |a Moravčíková-Hammer, Henrieta  |4 aut 
700 1 |a Mrňa, Ľubomír  |4 aut 
700 1 |a Pohaničová, Jana,  |d 1966-  |4 aut  |u A3130  |9 5  |U FAD Fakulta architektúry  |T FA Ústav dejín a teórie architektúry a obnovy pamiatok  |X 390  |U A3130  |Y 394  |7 A000000390 
700 1 |a Priatková, Adriana  |4 aut 
700 1 |a Semančík, Maroš  |4 aut 
700 1 |a Šlapeta, Vladimír  |4 aut 
700 1 |a Stacho, Ľubo  |4 pht 
996 |b 284AU04608  |c A*7155 U  |l AAKNAR  |s A  |a 24  |w stu213634_0001